000 00905cam a22002534a 4500
001 11778764
005 20180228064259.0
008 990809s2000 dcu b 001 0 eng
010 _a 99044905
020 _a1557986177 (hbk.)
035 _a(DLC) 99044905
040 _aDLC
_cDLC
_dDLC
041 _aeng
042 _apcc
080 _a306.7 che
082 0 0 _a306.7 che
_221
100 _a50
101 _asoc
245 0 0 _aSexuality, society, and feminism /
_cedited by Cheryl B. Travis and Jacquelyn W. White.
504 _aIncludes bibliographical references and index.
906 _a7
_bcbc
_corignew
_d1
_eocip
_f19
_gy-gencatlg
942 _2ddc
_cBK
999 _c43699
_d43699